Local housing, local solutions (Record no. 109808)
[ view plain ]
| 000 -LEADER | |
|---|---|
| fixed length control field | 01182cad a22002295a 4500 |
| 001 - CONTROL NUMBER | |
| control field | L147945 |
| 008 - FIXED-LENGTH DATA ELEMENTS--GENERAL INFORMATION | |
| fixed length control field | 090703s2009 xxk 000 0 eng d |
| 020 ## - INTERNATIONAL STANDARD BOOK NUMBER | |
| International Standard Book Number | 9781840496857 |
| 035 ## - SYSTEM CONTROL NUMBER | |
| System control number | (Sirsi) u147945 |
| 041 0# - LANGUAGE CODE | |
| Language code of text/sound track or separate title | eng |
| 050 04 - LIBRARY OF CONGRESS CALL NUMBER | |
| Classification number | 306.1 $2 18 |
| 110 2# - MAIN ENTRY--CORPORATE NAME | |
| Corporate name or jurisdiction name as entry element | Local Government Association |
| 9 (RLIN) | 5763 |
| 245 00 - TITLE STATEMENT | |
| Title | Local housing, local solutions |
| Remainder of title | the case for self-determination |
| Medium | [electronic resource] |
| 260 ## - PUBLICATION, DISTRIBUTION, ETC. | |
| Place of publication, distribution, etc. | London |
| Name of publisher, distributor, etc. | LGA |
| Date of publication, distribution, etc. | 2009 |
| 520 ## - SUMMARY, ETC. | |
| Summary, etc. | Sets out proposals for reform of council housing finance, and explains how councils could build 80 000-90 000 new homes in the next five years and provide an investment of £35bn into the English economy. This would require three changes to the council housing finance system: abolition of the Housing Revenue Account subsidy system; financial independence for council landlords; and cancellation of the historic housing debt. |
| 521 ## - TARGET AUDIENCE NOTE | |
| Target audience note | Advanced |
| 590 ## - LOCAL NOTE (RLIN) | |
| Local note | KA |
| 651 #4 - SUBJECT ADDED ENTRY--GEOGRAPHIC NAME | |
| Geographic name | England and Wales |
| Chronological subdivision | 1543- |
| 690 ## - LOCAL SUBJECT ADDED ENTRY--TOPICAL TERM (OCLC, RLIN) | |
| Topical term or geographic name as entry element | PROPERTY-RESIDENTIAL PROPERTY-DOMESTIC RESIDENTIAL PROPERTY-HOUSING |
| 856 40 - ELECTRONIC LOCATION AND ACCESS | |
| Uniform Resource Identifier | <a href="https://www.lga.gov.uk/lga/core/page.do?pageId=2001503">https://www.lga.gov.uk/lga/core/page.do?pageId=2001503</a> |
| Public note | View the report free of charge at www.lga.gov.uk... |
| 942 ## - ADDED ENTRY ELEMENTS (KOHA) | |
| Suppress in OPAC | 0 |
| Withdrawn status | Lost status | Source of classification or shelving scheme | Damaged status | Not for loan | Home library | Current library | Shelving location | Date acquired | Total Checkouts | Full call number | Barcode | Date last seen | Copy number | Price effective from | Koha item type |
|---|---|---|---|---|---|---|---|---|---|---|---|---|---|---|---|
| Dewey Decimal Classification | Virtual | Virtual | Online | 03/07/2009 | ONLINE PUBLICATION | L147945 | 06/08/2019 | 1 | 06/08/2019 | Book |